Star Wars - Padawans/Apprentices - Statistics

General Stats
  • This quiz has been taken 2,169 times
    1,854 since last reset
  • The average score is 9 of 14
Answer Stats
Hint Answer % Correct
Obi Wan Kenobi Anakin Skywalker
97%
Obi-Wan Kenobi
96%
Qui-Gon Jinn Obi Wan Kenobi
96%
Yoda Count Dooku
92%
Count Dooku Qui-Gon Jinn
83%
Darth Sidious Darth Maul
75%
Darth Vader
71%
Luke Skywalker
63%
Luke Skywalker
63%
Mace Windu
58%
Darth Vader Starkiller
54%
Darth Tyranus
31%
Ki-Adi-Mundi
30%
Kit Fisto
28%
No matching quizzes found
Score Distribution
Percent of People with Each Score
Percentile by Number Answered
Your Score History
You have not taken this quiz since the last reset